Loading...
| Current Events | 2 | 20.00 | 100% | 100% | 0% |
| Fine Arts - Auditory Fine Arts | 10 | 16.00 | 100% | 60% | 0% |
| Fine Arts - Visual Fine Arts | 8 | 18.75 | 100% | 63% | 25% |
| Geography | 6 | 15.00 | 100% | 33% | 17% |
| History - American History | 4 | 17.50 | 100% | 75% | 0% |
| History - Ancient History | 4 | 17.50 | 100% | 75% | 0% |
| History - European History | 6 | 18.33 | 100% | 50% | 33% |
| History - World History | 3 | 20.00 | 100% | 100% | 0% |
| Literature - American Literature | 5 | 22.00 | 100% | 100% | 20% |
| Literature - British Literature | 7 | 17.14 | 100% | 71% | 0% |
| Literature - European Literature | 3 | 13.33 | 100% | 33% | 0% |
| Literature - World Literature | 5 | 26.00 | 100% | 100% | 60% |
| Mythology | 3 | 16.67 | 100% | 67% | 0% |
| Other Academic | 2 | 20.00 | 100% | 100% | 0% |
| Philosophy | 3 | 20.00 | 67% | 100% | 33% |
| Religion | 4 | 15.00 | 75% | 75% | 0% |
| Science - Biology | 3 | 13.33 | 100% | 33% | 0% |
| Science - Chemistry | 4 | 17.50 | 100% | 50% | 25% |
| Science - Other Science | 9 | 12.22 | 89% | 33% | 0% |
| Science - Physics | 6 | 13.33 | 83% | 33% | 17% |
| Social Science | 8 | 17.50 | 100% | 63% | 13% |